Revising prose
Zapisane w:
| 1. autor: | |
|---|---|
| Format: | Książka |
| Język: | Undetermined |
| Wydane: |
New York
Charles Scribner's Sons
1979
|
| Hasła przedmiotowe: | |
| Etykiety: |
Dodaj etykietę
Nie ma etykietki, Dołącz pierwszą etykiete!
|
| Thư viện lưu trữ: | Trung tâm Học liệu Trường Đại học Cần Thơ |
|---|
| LEADER | 00508nam a2200181Ia 4500 | ||
|---|---|---|---|
| 001 | CTU_12748 | ||
| 008 | 210402s9999 xx 000 0 und d | ||
| 082 | |a 808.042 | ||
| 082 | |b L287 | ||
| 100 | |a R A Lanham | ||
| 245 | 0 | |a Revising prose | |
| 245 | 0 | |c R A Lanham | |
| 260 | |a New York | ||
| 260 | |b Charles Scribner's Sons | ||
| 260 | |c 1979 | ||
| 650 | |a english literature - collections,readers | ||
| 904 | |i Nguyễn Quang Điền, 961118 | ||
| 980 | |a Trung tâm Học liệu Trường Đại học Cần Thơ | ||